00597pam a2200169a 44500008004100000020000600041041001200047082001000059100001500069245001600084250000600100260002100106300000600127650000900133999001900142952026600161230515b1901 xxu||||| |||| 00| 0 eng d a0 aENGLISH a0 D.V aD.V. BODAS aRAS-SHASTRA a0 aNULLbN.D.c1901 a0 aN.D. c487090d487090 00104070aBHKbBHKcNULLd1991-01-01eNULLg36.00l0o0 D.VpBHK-UG-3278r2023-06-28 00:00:00w2023-06-28yBKzThis book has been transferred from College of Ayurveda (ACP) branch to Bharathi Hospital, Kolhapur (BHK) branch with old barcode number=ACP-UG-3278